| 000 | 00000nam##2200000za#4500 |
| 001 | 9.700219 |
| 003 | CaOODSP |
| 005 | 20210625000733 |
| 007 | cr ||||||||||| |
| 008 | 150407|2003||||xxc|||||o f|0| 0 eng|d |
| 040 | |aCaOODSP|beng |
| 043 | |an-cn--- |
| 086 | 1 |aSC84-2/5555-2007E-MP3 |
| 110 | 1 |aCanada.|bPublic Service Commission of Canada. |bLanguage Training Canada. |
| 245 | 10|aInterface Canada. Student`s book 7 audio file |h[electronic resource] |
| 260 | |aOttawa - Ontario : |bPublic Service Commission. |c2003. |
| 300 | |aDuration: 00:09:40 |
| 500 | |aTitle supplied by cataloguer. Comprised of sound files related to the print and PDF versions of: Interface Canada. Student's book 7. Contents: Unit 62, Practice 3, Student 1 -- Unit 62, Practice 3, Student 2 -- Unit 64, Practice 3, Student 1 - Unit 64, Practice 3, Student 2 -- Unit 68, Practice 3, Student 1 -- Unit 68, Practice 3, Student 2. |
| 520 | 3 |aINTERFACE CANADA is a series for adults studying English as a second language. The series, which covers the beginning to upper-intermediate levels, provides a functional-notional syllabus as well as a structural syllabus. The material is designed primarily to develop speaking and listening skills, with a special emphasis on language used in the office. The INTERFACE CANADA series consists of student books 1 to 8, teacher books 1 to 8, Role Playing for Consolidation – student and teacher books, and accompanying cassettes. Each book provides approximately fifty hours of classroom instruction. |
| 590 | |a15-01-Supp|b2015-01-26 |
| 590 | |a14-52-Supp|b2014-08-22 |
| 690 | 07|aEducational resources|2gcpds |
| 690 | 07|aEnglish language|2gcpds |
| 856 | 40|ahttp://publications.gc.ca|qMP3|s2.58 MB|uhttps://publications.gc.ca/collections/collection_2014/efpc-csps/SC84-2-5555-1007-62-p3-st1-eng.mp3 |
| 856 | 40|ahttp://publications.gc.ca|qMP3|s2.15 MB|uhttps://publications.gc.ca/collections/collection_2014/efpc-csps/SC84-2-5555-1007-62-p3-st2-eng.mp3 |
| 856 | 40|ahttp://publications.gc.ca|qMP3|s4.03 MB|uhttps://publications.gc.ca/collections/collection_2014/efpc-csps/SC84-2-5555-1007-64-p3-st1-eng.mp3 |
| 856 | 40|ahttp://publications.gc.ca|qMP3|s4.79 MB|uhttps://publications.gc.ca/collections/collection_2014/efpc-csps/SC84-2-5555-1007-64-p3-st2-eng.mp3 |
| 856 | 40|ahttp://publications.gc.ca|qMP3|s2.13 MB|uhttps://publications.gc.ca/collections/collection_2014/efpc-csps/SC84-2-5555-1007-68-p3-st1-eng.mp3 |
| 856 | 40|ahttp://publications.gc.ca|qMP3|s2.08 MB|uhttps://publications.gc.ca/collections/collection_2014/efpc-csps/SC84-2-5555-1007-68-p3-st2-eng.mp3 |